| 000 | 00345nam a22001337a 4500 | ||
|---|---|---|---|
| 008 | 260223b ||||| |||| 00| 0 eng d | ||
| 020 | _a9789995664855 | ||
| 041 | _aShqip | ||
| 080 |
_82.1 _a2.1 |
||
| 100 | _a20.1 | ||
| 101 | _aRoman | ||
| 245 |
_aShqipëria e viteve 1912-1964 në Kujtimet e Spiro Kosovës _cMarenglen Verli |
||
| 942 |
_2lcc _cBK |
||
| 999 |
_c60845 _d60845 |
||